[Event "Ter Apel"]
[Site "Ter Apel"]
[Date "1993.??.??"]
[Round "1"]
[White "Nijboer, Friso"]
[Black "Van Wely, Loek"]
[Result "1-0"]
[WhiteElo "2505"]
[BlackElo "2560"]
[Annotator "Boensch,U"]
[PlyCount "80"]
[EventDate "1993.03.??"]
[EventType "tourn"]
[EventRounds "5"]
[EventCountry "NED"]
[EventCategory "14"]
[SourceTitle "CBM 035"]
[Source "ChessBase"]
[SourceDate "1993.08.01"]
[SourceVersion "1"]
[SourceVersionDate "1993.08.01"]
[SourceQuality "1"]

1. e4 c5 2. Nf3 d6 3. d4 cxd4 4. Nxd4 Nf6 5. Nc3 e6 6. f4 a6 7. Bd3 b5 8. e5
dxe5 9. fxe5 Nd5 10. Qg4 (10. Ne4 Nb4 11. c3 Nxd3+ 12. Qxd3 Qd5 13. O-O Nc6 14.
Bf4 Nxe5 15. Bxe5 Qxe5 16. Qf3 Qc7 17. Ng5 $44 {Kuijf,M-Psakhis,L Amsterdam
OHRA-B (05) 1990 1-0 52}) 10... Nxc3 (10... Nb4 11. O-O (11. Bg5 Nxd3+ 12. cxd3
Qd7 13. O-O-O Bb7 14. Rhf1 Nc6 15. Nxc6 Bxc6 16. Ne4 b4 17. Kb1 b3 18. axb3 Rb8
$132 {Rantanen,Y-Hjartarson,J Dubai ol 1986 0-1 37}) 11... Nxd3 12. cxd3 Bc5
13. Kh1 $2 (13. Be3 $10) 13... Qxd4 14. Ne4 Qxe5 15. Bf4 Qd4 16. Nxc5 O-O (
16... Qxc5 17. Rac1 $18) 17. Qg3 Qxc5 18. Bxb8 Qh5 19. Bd6 Rd8 20. Rac1 Qg6 $17
{Kupreichik,V-Anikaev,Y USSR-ch 1979 1-0 42}) 11. bxc3 Qd5 $6 (11... Bb7 12.
O-O Qd5 13. Rxf7 $2 (13. Rf4 $16 {(Balashov) -ECO}) 13... Kxf7 14. Be4 Qxe5 (
14... Qxe4 $4 15. Qxe6#) 15. Nf3 Qc5+ 16. Kh1 Bxe4 17. Ng5+ Ke8 18. Qxe6+ Be7
$19 {Hulak,K-Balashov,Y Karlovac 1979 0-1 28}) 12. Be4 $1 Qxe5 $2 (12... Qc4 $5
13. Bd2 Ra7 14. Rf1 $1 $40) 13. Qf4 $1 $18 Qxf4 14. Bxf4 Nd7 15. Bxa8 e5 16.
Be3 (16. O-O $1 exf4 (16... exd4 17. Bc7 $1 Bc5 18. Rae1+ Kf8 19. Rf5 dxc3+ 20.
Rxc5 Nxc5 21. Bd6+ Kg8 22. Re8#) 17. Rae1+ Kd8 18. Rxf4 f6 (18... Bc5 19. Rxf7
b4 20. Kh1 $18) 19. Ne6+ $18) 16... exd4 17. Bxd4 f6 18. O-O Bd6 19. a4 bxa4
20. Rxa4 Kd8 21. Rb1 Re8 22. Bb7 Nc5 23. Bxc5 Bxc5+ 24. Kf1 Re6 25. Bxc8 Kxc8
26. Rc4 Rc6 27. Rd1 Kc7 28. Rd5 Kb6 29. Rd7 Kb5 30. Re4 f5 31. Re8 a5 32. Rxg7
a4 33. Ra8 a3 34. Rb7+ Kc4 35. Rb3 Re6 36. Ra4+ Kd5 37. Rb5 Re4 38. Rxa3 Rf4+
39. Ke1 Re4+ 40. Kd1 Kc4 {Boensch} 1-0

[Event "Groningen PCA"]
[Site "Groningen"]
[Date "1993.??.??"]
[Round "2"]
[White "Yudasin, Leonid"]
[Black "Polgar, Judit"]
[Result "1/2-1/2"]
[WhiteElo "2605"]
[BlackElo "2630"]
[Annotator "Boensch,U"]
[PlyCount "114"]
[EventDate "1993.12.??"]
[EventType "swiss"]
[EventRounds "11"]
[EventCountry "NED"]
[SourceTitle "CBM 039"]
[Source "ChessBase"]
[SourceDate "1994.04.01"]
[SourceVersion "1"]
[SourceVersionDate "1994.04.01"]
[SourceQuality "1"]

1. e4 c5 2. Nf3 d6 3. d4 cxd4 4. Nxd4 Nf6 5. Nc3 e6 6. f4 a6 7. Qf3 Qb6 8. Nb3
Qc7 9. g4 b5 10. Bd3 Bb7 11. g5 Nfd7 12. Bd2 (12. h4 Nc5 13. h5 Nbd7 14. Be3
Rc8 15. a3 Na4 16. Nxa4 bxa4 17. Nd2 Nc5 18. Bd4 Qb6 19. Ke2 $16 {Oll,L-Suba,M
Roma op (6) 1990 1-0 101}) (12. Qh3 g6 13. Rf1 b4 14. Ne2 Nc6 15. f5 gxf5 16.
exf5 e5 17. f6 O-O-O 18. Qh5 Nb6 19. Be3 d5 $15 {Ulibin,M-Khurtzidze,N Oakham 
(5) 1992 1-0 34}) (12. a3 Nc6 13. O-O Nc5 14. Qh3 Qd7 15. Be3 Nxd3 16. cxd3 Be7
17. Rac1 O-O 18. Rf3 f5 19. gxf6 Bxf6 20. Nd5 Qf7 21. Nxf6+ Qxf6 $10 {
Mortensen,E-Renet,O Debrecen EU-chT (9) DEN-FRA 1992 1-0 47}) 12... Nc5 13.
O-O-O Nxd3+ 14. Qxd3 Nd7 15. Rhe1 O-O-O 16. f5 Kb8 17. Bf4 b4 18. Ne2 e5 19.
Be3 h6 20. gxh6 gxh6 21. Kb1 Nf6 $2 (21... Rc8 $15) 22. Nc5 $1 Qc6 23. Nc1 Bc8
24. N1b3 (24. Qc4 d5 25. Qxb4+ Ka8 26. exd5 Rxd5 27. N1b3 $13) 24... Re8 25.
Na5 Qb5 26. Qxb5+ axb5 27. Nd3 Nxe4 28. Nxb4 Bxf5 29. Na6+ Kc8 30. Bb6 Be7 31.
Rd5 Bh4 32. Re2 Rhg8 33. Rxb5 Kd7 34. Be3 $2 (34. a4 $1 Rc8 $13) 34... Bg4 $1
35. Rg2 (35. Rb7+ Ke6 36. Nc7+ Kf5 37. Nxe8 (37. Rg2 Bh5 38. Rxg8 Rxg8 $17)
37... Bxe2 $19) 35... Bf3 36. Rxg8 (36. Rb7+ Ke6 (36... Kc8 $4 37. Rc7+ Kd8 38.
Nc6#) 37. Nc7+ Kf5 38. Nxe8 Bxg2 $17) 36... Rxg8 37. a4 Bd8 $2 (37... Rg2 $1
38. Bxh6 Rxh2 $19) 38. Rb7+ Ke6 39. Rb8 f5 $6 (39... Nf6 $17) 40. Nb7 f4 $5 (
40... Kd7 41. Nxd8 (41. Bb6 Nd2+ 42. Kc1 Bxb6 43. Rxg8 Bxb7 44. Nb8+ Kc7 45.
Kxd2 f4 $13) 41... Rxd8 42. Rb7+ Ke6 43. Nc7+ Kf6 44. Nd5+ $10) 41. Nxd8+ (41.
Rxd8 Rg7 $13) 41... Kf5 (41... Rxd8 $2 42. Rxd8 fxe3 43. Nb4 e2 44. Nd3 Nc5 45.
Ne1 $18) 42. Ba7 Rg7 43. Bb6 Nd2+ 44. Kc1 Nc4 45. a5 $2 (45. b3 Nxb6 46. Rxb6
$16) 45... Nxb6 46. axb6 e4 $4 (46... Rg1+ 47. Kd2 e4 48. Nb4 e3+ 49. Kc3 e2
50. Nd3 Rd1 $19) 47. b3 e3 48. Nb4 e2 49. Nd3 Rg1+ 50. Kb2 Rd1 (50... Be4 $4
51. Ne6 $1 Kxe6 (51... Bxd3 52. Nd4+ Kf6 53. Nxe2 Bxe2 54. b7 $18) (51... e1=Q
52. Nd4+ Kg4 53. Nxe1 Rxe1 54. b7 $18) 52. Nxf4+ $18) 51. Ne6 $1 Rxd3 52. Re8
Be4 $2 (52... Rd1 $1 53. Ng7+ Kg6 54. Rxe2 Kxg7 55. Rf2 Bb7 56. Rxf4 Re1 $17)
53. cxd3 (53. Ng7+ Kg6 54. Rxe4 Re3 55. Rxe3 fxe3 56. b7 e1=Q 57. b8=Q $10)
53... e1=Q 54. dxe4+ Kf6 55. b7 Qe2+ 56. Kc3 Qe3+ 57. Kb2 Qd2+ 1/2-1/2

[Event "EU-Cup 10th final"]
[Site "Lyon"]
[Date "1994.11.18"]
[Round "1"]
[White "Almasi, Zoltan"]
[Black "Kasparov, Garry"]
[Result "0-1"]
[WhiteElo "2620"]
[BlackElo "2805"]
[Annotator "Boensch,U"]
[PlyCount "72"]
[EventDate "1994.11.18"]
[EventType "team-k.o."]
[EventRounds "3"]
[EventCountry "FRA"]
[SourceTitle "EXT 2020"]
[Source "ChessBase"]
[SourceDate "2019.10.17"]
[SourceVersion "1"]
[SourceVersionDate "2019.10.17"]
[SourceQuality "1"]
[WhiteTeam "Budapest Honved"]
[BlackTeam "Sarajevo Bosna"]
[WhiteTeamCountry "HUN"]
[BlackTeamCountry "BIH"]

1. e4 c5 2. Nf3 d6 3. d4 cxd4 4. Nxd4 Nf6 5. Nc3 a6 6. f4 e6 7. Qf3 (7. Be3 Qb6
(7... b5 8. Qf3 {~}) 8. a3 Qxb2 $2 9. Na4 {+-}) 7... Qb6 8. a3 (8. Nb3 $5 Nc6
9. Be3) 8... Nc6 (8... Qxd4 $2 9. Be3 {Trapping the Qd4}) 9. Nxc6 bxc6 (9...
Qxc6 {N} 10. Bd3 b5 11. O-O Bb7 12. b4 $6 (12. Bd2 g6 13. Qe2 Qb6+ 14. Kh1 Bg7
15. a4 bxa4 16. Rxa4 Nd7 17. Rc4 O-O {[%emt 0:00:43] = Wahls,M-Forster,R
SWZ-ch (02) 1994 1/2 28 - EXP}) 12... g6 13. a4 Bg7 14. e5 Qc7 15. exd6 Qc8 16.
d7+ Qxd7 17. Qh3 Qd4+ 18. Be3 Qxc3 {[%emt 0:00:26] -+ Gurevich,D-Xu Jun Biel
izt (08) 1993 0-1}) 10. b3 (10. g4 g6 11. g5 Nd7 12. b3 h6 $6 (12... Bg7 13.
Bb2 O-O 14. O-O-O d5 15. h4 Nc5 16. h5 Ra7 17. Rd2 a5 $132 {[%emt 0:00:49]
Short,N-Smirin,I Debrecen EU-chT (8) 1992 1/2}) 13. Bb2 Rh7 14. Na4 Qc7 15. h4
hxg5 16. fxg5 Be7 17. Qg3 Bb7 18. O-O-O {[%emt 0:00:25] +/- Oll,L-Stohl,I
Manila olm (12.10.2) 1992 1-0}) 10... Bb7 {N} (10... Be7 11. Bb2 e5 12. fxe5
dxe5 13. Na4 Qc7 (13... Qa5+ 14. Bc3 Qc7 15. Bc4 O-O 16. O-O a5 17. Kh1 Ba6 18.
Bxa6 Rxa6 {[%emt 0:00:41] += Almasi,Z-Rasik,V Mitropa Cup 1993 1/2}) 14. Bc4
O-O 15. O-O Re8 16. Qg3 Bd8 17. Rad1 Qa7+ 18. Kh1 Be6 19. Bxe6 Rxe6 20. Bxe5
Nh5 21. Qd3 {[%emt 0:00:48] +/- Hjartarson,J-Van Wely,L Groningen PCA (06)
1993 1/2}) 11. Bb2 d5 12. O-O-O $2 {Zu gef�hrlich! Wei� rochiert in den
schwarzen Angriff hinein.} (12. e5 Nd7 13. Na4 Qc7 14. Bd3 c5 {=}) 12... Qa5
13. e5 Nd7 14. Na4 Qc7 {Verhindert f5.} 15. Re1 g6 16. g4 c5 17. Bg2 Rb8 18.
Qd1 (18. f5 d4 19. Qg3 Bxg2 20. Qxg2 Nxe5 21. fxe6 fxe6 22. Qe2 Bd6 23. Qxa6
O-O {-/+}) 18... c4 $1 19. Kb1 Qa5 20. Bc3 Qb5 21. Ka2 Bc6 22. f5 {Endlich hat
Wei� f5 durchgesetzt, aber es droht nichts.} (22. Re3 {Wirtensohn} Nc5 23.
Nxc5 Qxc5 24. Qc1 {=+}) 22... Qb7 23. fxe6 fxe6 24. Nb2 cxb3+ 25. cxb3 Nc5 26.
Bb4 $2 (26. b4 Ne4 27. Bxe4 dxe4 {-/+} 28. Rhf1 a5 $1) 26... Nxb3 $1 27. Qxb3
a5 {-+} 28. Rhf1 axb4 29. a4 Be7 30. Rc1 Rf8 31. g5 (31. Rxf8+ Kxf8 32. Rf1+
Kg7 {-+}) 31... Bxg5 32. Qh3 Rf5 33. Rxf5 exf5 34. Rd1 b3+ 35. Kb1 Rc8 36. Rd3
Bxa4 $1 (36... Bxa4 37. Nxa4 Rc1+ 38. Kb2 Rc2+ (38... Qb4 39. Nc3 (39. Rxb3
Qd2+ 40. Ka3 Ra1#) (39. Rc3 Qxa4 40. Rxc1 Qa2+ 41. Kc3 Bxc1 {-+}) 39... Rc2+
40. Kb1 Qa3 {-+}) 39. Kb1 Qb4 40. Rxb3 (40. Rc3 Qxa4 41. Rxc2 bxc2+ 42. Kb2
c1=Q#) (40. Nc3 Qa3 {-+}) 40... Qe1+ $1 41. Kxc2 Qc1+ 42. Kd3 Qc4#) 0-1

[Event "Groningen"]
[Site "Groningen"]
[Date "1995.??.??"]
[Round "3"]
[White "Adams, Michael"]
[Black "Hansen, Curt"]
[Result "1-0"]
[WhiteElo "2660"]
[BlackElo "2635"]
[Annotator "Boensch,U"]
[PlyCount "81"]
[EventDate "1995.12.??"]
[EventType "tourn"]
[EventRounds "11"]
[EventCountry "NED"]
[EventCategory "17"]
[SourceTitle "CBM 051"]
[Source "ChessBase"]
[SourceDate "1996.04.01"]
[SourceVersion "1"]
[SourceVersionDate "1996.04.01"]
[SourceQuality "1"]

1. e4 c5 2. Nf3 d6 3. d4 cxd4 4. Nxd4 Nf6 5. Nc3 a6 6. f4 e6 7. Qf3 Qb6 8. Nb3
Qc7 9. a4 (9. g4 b5 10. g5 b4 11. gxf6 bxc3 12. bxc3 gxf6 13. Rg1 Bb7 14. c4
Nd7 15. Bb2 $10 {Polgar,J-Ljubojevic,L Monaco blind (04) 1995 1/2 49 - EXP 46})
9... b6 (9... Nc6 10. Bd3 Nb4 11. Be3 e5 12. f5 d5 13. exd5 Nxd3+ 14. cxd3 Bb4
15. O-O Bxc3 16. bxc3 Qxc3 17. Nc5 O-O 18. Rac1 $14 {Watson,W-Shabalov,A
Gausdal Troll Masters (6) 1991 1/2 33}) 10. Bd3 Bb7 11. O-O Nbd7 (11... Be7 12.
Bd2 Nc6 13. Rae1 Nb4 14. Qg3 Nxd3 15. cxd3 O-O 16. f5 Kh8 17. Qh3 exf5 18. Qxf5
Rae8 19. Kh1 Bd8 $10 {Kindermann,S-Yudasin,L Munich (06) 1991 0-1 45}) 12. Qg3
(12. Nd4 g6 13. Qh3 Nc5 14. Bd2 Bg7 15. Rae1 O-O 16. Nf3 d5 17. e5 Nfe4 18.
Bxe4 dxe4 $15 {Cladouras,P-Shabalov,A Gausdal Troll Masters (8) 1991 0-1 55}) (
12. Bd2 Nc5 (12... g6 13. Qh3 Bg7 14. Rae1 O-O 15. f5 Rae8 16. Bg5 d5 17. e5
Nxe5 18. Rxe5 d4 (18... Qxe5 19. Bf4 $18) 19. Bxf6 Bxf6 20. fxg6 fxg6 21. Rxe6
dxc3 22. Rfxf6 cxb2 23. c4 $18 {Nunn,J-Stohl,I Novi Sad olm (09) ENG-CSR 1990
1-0 52}) 13. Nxc5 bxc5 14. Qe2 g6 15. e5 Nd7 16. exd6 Bxd6 17. Ne4 Be7 18. Bc3
O-O 19. Kh1 Bd5 20. b3 $10 {Chandler,M-Yudasin,L Novi Sad olm (05) ENG-URS
1990 1/2 49}) 12... g6 13. Bd2 $146 (13. Be3 Be7 14. Rad1 d5 15. e5 Ne4 16.
Bxe4 dxe4 17. Nd2 f5 18. exf6 Nxf6 19. Qh3 $16 {Djurhuus,R-Emms,J Gausdal Int 
(07) 1995 1-0 45 - EXP 47}) 13... Bg7 14. Rae1 O-O 15. Qh4 Nc5 16. f5 exf5 17.
exf5 Qc6 18. Re2 Nxd3 (18... Nxb3 19. cxb3 Rae8 20. Ref2 $36) 19. cxd3 Rae8 20.
Ref2 (20. Nd4 Qc5 $1 (20... Rxe2 21. Nxc6 Rxd2 22. Ne4 $16) (20... Qd7 21. Bg5
Rxe2 22. Ncxe2 Nd5 23. f6 $14) 21. Rxe8 Rxe8 22. fxg6 fxg6 23. Rxf6 Qe5 $1 24.
Rf1 (24. Bg5 Bxf6 25. Bxf6 Qe3+ $19) 24... Qxd4+ $17) 20... Re5 21. Nd4 Qc5 22.
b4 Qc7 (22... Qxb4 23. Nd5 $18) 23. Nce2 (23. fxg6 fxg6 24. Rxf6 $2 Rxf6 25.
Rxf6 Qe7 26. Rf4 g5 $19) 23... Nd5 24. Bh6 (24. f6 $5 Bh8 25. Nf5 Rfe8 26. Ned4
$36) 24... Ne3 $4 (24... Bf6 25. Qg4 (25. Qh3 Rfe8 26. fxg6 hxg6 27. Rxf6 Nxf6
28. Rxf6 Rh5 $19) 25... Bg7 26. Qh3 Bc8 $132) 25. Bxe3 (25. Rc1 Qd8 26. f6 Bh8
27. Bxf8 $18) 25... Rxe3 26. f6 Bh8 27. Nf5 $1 Rfe8 (27... Re5 $4 28. Nh6#) 28.
Nxe3 Rxe3 29. Qh6 $18 Re5 (29... Rxd3 30. Nf4 Rc3 31. Ne6 $1 Qc8 32. Ng5 $18)
30. Qd2 Qd8 31. Nd4 b5 32. axb5 axb5 33. Qc3 Qb6 34. Kh1 h5 35. h3 Re3 36. Kh2
Qd8 (36... Re5 37. Rc2 {/\ Nc6 +-}) 37. Nxb5 Qd7 38. Qd4 Re5 39. Nc3 Qe6 40.
Qb6 Qd7 41. Ra1 1-0

[Event "Budapest zt-A"]
[Site "Budapest"]
[Date "1993.??.??"]
[Round "10"]
[White "Polgar, Judit"]
[Black "Ftacnik, Lubomir"]
[Result "1-0"]
[WhiteElo "2595"]
[BlackElo "2535"]
[Annotator "Boensch,U"]
[PlyCount "77"]
[EventDate "1993.03.??"]
[EventType "tourn"]
[EventRounds "11"]
[EventCountry "HUN"]
[EventCategory "11"]
[SourceTitle "CBM 034"]
[Source "ChessBase"]
[SourceDate "1993.06.01"]
[SourceVersion "1"]
[SourceVersionDate "1993.06.01"]
[SourceQuality "1"]

1. e4 c5 2. Nf3 d6 3. d4 cxd4 4. Nxd4 Nf6 5. Nc3 a6 6. f4 e6 (6... Nbd7 7. Be2
g6 8. O-O Bg7 9. Kh1 O-O 10. Bf3 Qc7 11. g4 $5 $146 e5 12. Nde2 exf4 13. g5 Ne8
14. Nxf4 Ne5 15. Nfd5 Qd8 16. Bg2 Be6 $10 {Lau,R-Boensch,U Graz(07) zt 1993
0-1 53}) 7. Bd3 (7. Qf3) 7... b5 8. Qf3 Bb7 9. Be3 Nbd7 10. a3 (10. g4 b4 11.
Nce2 Nc5 12. Ng3 Nfd7 13. g5 g6 14. h4 Qc7 15. O-O-O Nxd3+ 16. Rxd3 Nc5 17. Rd2
O-O-O $10 {Feher,G-Timoshchenko,G Capppelle la Grande 1992 -Inf.54/221}) 10...
g6 (10... Rc8 $5 11. O-O (11. Nde2 Nc5 12. b4 Nxd3+ 13. cxd3 Be7 14. O-O O-O
15. Rac1 Nd7 16. Rc2 Bf6 $10 {Malisauskas,V-Szekely,P Moskow GMA-op 1989 1/2 23
}) 11... Be7 12. Rae1 O-O 13. Qh3 Nc5 14. Bf2 Nfd7 15. Kh1 Bf6 $10 {Yudasin,
L-Kasparov,G URS-55ch Moskow 1988 0-1 30}) 11. O-O-O (11. Qh3 Bg7 12. O-O e5
13. Nf3 exf4 14. Bxf4 O-O 15. Kh1 Nc5 16. Rae1 d5 $10 {Beshukov,S-Ruban,V
Sochi 1990 0-1 40}) 11... Qc7 (11... Rc8 $5) 12. g4 Nc5 13. Kb1 Be7 14. Rhe1
O-O-O 15. g5 Ne8 16. b4 $1 Nxd3 (16... Nd7 17. Ndxb5 axb5 18. Nxb5 Qb8 19. Na7+
$40) 17. cxd3 Kb8 18. Rc1 Qd7 19. Bg1 $1 {x a7} Rc8 20. Qf2 Ba8 21. a4 $1 $16
bxa4 22. b5 axb5 23. Ndxb5 a3 (23... Rc5 24. Qb2 $18) 24. Nxa3 Rc7 25. Qb2+ Rb7
26. Ncb5 Rf8 27. Ba7+ $1 $18 Rxa7 28. Nxa7+ Kxa7 29. Nb5+ Kb8 (29... Ka6 30.
Qa2+ Kxb5 31. Re2 $18) 30. Nd4+ Bb7 31. Nc6+ Kc8 32. Ne5+ Qc7 33. Rxc7+ Nxc7
34. Nc4 Ba6 35. Nb6+ Kd8 36. Rc1 d5 37. Qc2 Bd6 38. Qc6 Bxd3+ 39. Ka1 1-0

[Event "Belgrade Investbank"]
[Site "Belgrade"]
[Date "1989.11.??"]
[Round "9"]
[White "Short, Nigel D"]
[Black "Kasparov, Garry"]
[Result "0-1"]
[WhiteElo "2660"]
[BlackElo "2775"]
[Annotator "Boensch,U"]
[PlyCount "206"]
[EventDate "1989.11.??"]
[EventType "tourn"]
[EventRounds "11"]
[EventCountry "YUG"]
[EventCategory "15"]
[SourceTitle "CBM 016"]
[Source "ChessBase"]
[SourceDate "1990.06.01"]
[SourceVersion "1"]
[SourceVersionDate "1990.06.01"]
[SourceQuality "1"]

1. e4 {Bönsch} c5 2. Nf3 d6 3. d4 cxd4 4. Nxd4 Nf6 5. Nc3 a6 6. f4 e6 7. Qf3
Nbd7 (7... Qb6 8. Nb3 Qc7 9. Bd3 b5 10. g4 Bb7 11. g5 Nfd7 12. Be3 Nc5 13.
O-O-O $13 {Michaltschischin-Kasparov URS 1978}) 8. g4 (8. Be3) (8. Nb3) 8... h6
9. Be2 Qb6 10. Nb3 Qc7 11. Qg2 Rb8 (11... b5 $2 12. e5 $1 Bb7 13. Bf3 $16) 12.
Be3 b5 13. g5 (13. a3 $5) 13... hxg5 14. fxg5 Nh5 15. g6 $8 (15. O-O-O g6 $17)
15... Ne5 16. gxf7+ Qxf7 17. Rf1 Qg6 18. Qxg6+ Nxg6 19. Nd4 Ne5 (19... b4 $5
20. Na4 (20. Nc6 Rb7 $13) 20... Bd7 21. b3 Nf6 $15) 20. a3 Bd7 21. O-O-O Rc8
22. Bg5 Nf6 23. Bf4 (23. Bxf6 gxf6 24. Rxf6 Rxh2 25. Nxe6 (25. Rdf1 Be7 26.
R6f2 Rxf2 27. Rxf2 Bg5+ 28. Kb1 Be3 $19) 25... Bxe6 26. Rxe6+ Kf7 $17) 23...
Nc4 (23... Rxc3 24. bxc3 Nxe4 $13) 24. Bxc4 Rxc4 25. e5 dxe5 26. Bxe5 Ng4 27.
Bf4 Bc5 (27... Bxa3 $1 28. bxa3 (28. Ne4 Be7 29. Nd6+ $2 Bxd6 30. Bxd6 Ne3 $19)
28... Rxc3 29. Kb2 Rc4 $17) 28. Ne4 $1 (28. Nb3 Be3+ $19) (28. Nde2 e5 $19)
28... e5 29. Nxc5 Rxc5 30. Rfe1 (30. Nb3 Rc4 31. Rde1 O-O $17) 30... O-O 31.
Nb3 Rxc2+ $1 (31... Rc7 $2 32. Bg3 $14 (32. Bxe5 Nxe5 33. Rxe5 Rf2 $10 34. Nd2)
) 32. Kxc2 Bf5+ 33. Kc3 exf4 34. Rd2 Rc8+ 35. Kb4 Ne3 36. Rc1 Rxc1 37. Nxc1 f3
38. Kc5 Ng4 39. Ne2 (39. Nd3 $13) 39... fxe2 40. Rxe2 Kf7 41. Kb6 $2 (41. b4
$10) 41... b4 42. axb4 Bd3 43. Rg2 Ne5 44. Kc5 Bb5 45. Kd4 Nd3 46. Kc3 Kf6 47.
Rg3 Nf4 48. Rg4 Ne6 49. Kd2 g5 50. Ke3 Kf5 51. Rg3 Nf4 52. Rf3 Ke5 53. Rg3 Nd5+
54. Kf2 Kf5 55. Rf3+ Kg4 56. Rg3+ Kh4 57. Kf3 Nf6 58. Kg2 Nh5 59. Re3 Nf4+ 60.
Kg1 Kg4 61. Rg3+ Kf5 62. Rf3 g4 63. Re3 Nd5 64. Rb3 Kf4 65. Kf2 Nf6 66. Ra3
Ne4+ 67. Kg2 Be2 68. Rb3 Bf1+ 69. Kg1 Bc4 70. Ra3 Ng5 71. Rc3 Bd5 72. Ra3 Be4
73. Kf2 Bb7 74. Rd3 Nh3+ 75. Ke1 Bc6 76. Rd4+ Kf3 77. Rd3+ Ke4 78. Rg3 Kf4 79.
Ra3 Bb5 80. Rc3 Ng5 81. Rc8 Ke3 82. Rh8 Nf3+ 83. Kd1 Be2+ 84. Kc2 Nxh2 85. Rxh2
g3 86. Rh3 Kf2 87. Kd2 g2 88. Rh2 Bb5 89. Rh6 g1=Q 90. Rf6+ Kg2 91. Rg6+ Kf1
92. Rxg1+ Kxg1 93. Ke1 Kg2 94. Kd1 Kf3 95. Kd2 Ke4 96. Kc3 Ke3 97. Kc2 Ke2 98.
Kc1 Bd3 99. b3 Ke1 100. Kb2 Kd2 101. Ka1 Kc2 102. Ka2 Kc1 103. Ka1 Bb1 0-1

[Event "Sigeman & Co 04th"]
[Site "Malmo"]
[Date "1996.??.??"]
[Round "3"]
[White "Hector, Jonny"]
[Black "Cramling, Pia"]
[Result "0-1"]
[WhiteElo "2520"]
[BlackElo "2525"]
[Annotator "Boensch,U"]
[PlyCount "70"]
[EventDate "1996.06.??"]
[EventType "tourn"]
[EventRounds "9"]
[EventCountry "SWE"]
[EventCategory "12"]
[SourceTitle "CBM 054"]
[Source "ChessBase"]
[SourceDate "1996.10.01"]
[SourceVersion "1"]
[SourceVersionDate "1996.10.01"]
[SourceQuality "1"]

1. e4 c5 2. Nf3 e6 3. d4 cxd4 4. Nxd4 Nc6 5. Nc3 Qc7 6. Be3 a6 7. Bd3 b5 8. O-O
Bb7 9. Nb3 d6 10. f4 Nf6 11. Qf3 Be7 12. Rae1 (12. Qh3 Nb4 (12... Rb8 $6 13.
Kh1 (13. Rae1 $1) 13... b4 14. Ne2 e5 15. Rae1 Bc8 $6 16. Qf3 O-O 17. f5 d5 $2
18. exd5 e4 19. Bxe4 Ne5 20. Bf4 $1 $18 {Judasin-Garcia Ilundain/Leon/1992}) (
12... b4 $5 13. Ne2 Na5 14. Nd2 $1 h5 (14... d5 $5 15. e5 Ne4 16. f5 $5 $13)
15. Kh1 d5 16. exd5 (16. e5 $6 Ng4 $10) 16... Bxd5 {Waitzkin-Arnett/New York/
1994} 17. Bd4 $14) (12... O-O $5 13. Kh1 (13. g4 {/\14...b4 15.g5!-> Judasin}
Rfe8 $5) 13... Rac8 (13... Nb4 14. Nd4 Rfe8 15. a3 Nxd3 16. cxd3 Bf8 17. Rf3
Rac8 18. Raf1 Qd8 19. Rg3 Rc5 20. f5 e5 21. Nf3 Rxc3 $5 22. bxc3 d5 $44 {
Belikov,V-Ye Rongguang Moscow Alekhine op 1992 0-1 48}) 14. a3 (14. a4 $5 b4
15. Nb1 $13) 14... b4 15. Na4 $2 bxa3 16. bxa3 Rb8 17. Nb6 g6 18. Rab1 Rfe8 19.
Nd2 Bf8 20. Nf3 Bg7 $17 {Zapolskis-Oll/Riga/zt/1995}) 13. Rae1 (13. a3 Nxd3 14.
cxd3 O-O (14... e5 15. Rac1 Qd8 16. Nd2 (16. g4 $2 h5 $1 17. gxh5 Rxh5 18. Qf3
Rh7 19. Ne2 Rc8 20. Ng3 Rxc1 21. Bxc1 a5 22. Be3 a4 23. Nd2 Qc8 $1 $17 {
Tukmakov-Csom/Zagreb/1971}) 16... O-O 17. d4 exd4 $2 (17... exf4 18. Bxf4 Rc8
$10) 18. Bxd4 Re8 19. Rce1 Qd7 20. f5 a5 21. Re3 b4 22. Ne2 Rac8 23. Rg3 $16 {
Frolov-Smuter/Nikolaev/zt/1993}) 15. Rac1 Qd8 (15... Qd7 16. g4 $5 $40) 16. Nd4
Rc8 17. Qg3 Kh8 18. Kh1 Nd7 $6 (18... g6) 19. f5 e5 20. Nf3 Nf6 21. h3 h6 22.
Qf2 d5 $5 23. Nxe5 dxe4 24. d4 $14 {Tischbierek-Heissler,Bundesliga/94/95}) (
13. Nd4 g6 (13... O-O 14. a3 Nxd3 15. cxd3 Rac8 16. Rac1 Qd8 $10 {
Bellin-Gheorghiu,Teesside/1972}) 14. a3 Nxd3 15. cxd3 Rc8 (15... Qd7 16. Nf3
Nh5 17. g4 Ng7 18. Rac1 f6 19. Qh6 O-O 20. f5 $13 {Belikov-Kislev/RUS Army-ch/
1994}) 16. Rac1 Qd7 17. Nf3 a5 $1 18. f5 b4 19. axb4 axb4 20. Ne2 e5 21. Ng3 $2
Ba6 22. Rcd1 h5 $1 23. Ng5 Ng4 $17 {Lamoureux-Hauchard/Paris/1994}) 13... e5
14. Kh1 (14. a3 Nxd3 15. cxd3 O-O 16. Rc1 Qd8 $10 {Minic-Csom/Siegen 1971})
14... O-O 15. a3 Nxd3 16. cxd3 Rac8 17. Nd2 Qd7 18. Qf3 a5 19. d4 b4 $15 {
0-1 Torhallsson,T-Mortensen,E/Reykjavik zt (08) ;CBM 47 1995 (44)}) (12. a3 O-O
13. Qh3 g6 $2 (13... Rfe8 14. Rae1 g6 $6 15. Kh1 Nd7 16. f5 Bf6 17. Rf2 Nce5
18. fxe6 Rxe6 19. Ref1 Bg7 20. Rxf7 Nxf7 21. Qxe6 $16 {Polgar,Zso-Damljanovic/
Wijk-B/1990}) (13... b4 $1 14. axb4 (14. Na4 Nd7 15. Rf3 e5 $2 (15... bxa3 16.
bxa3 Rfe8 $15) 16. f5 bxa3 17. bxa3 Bf6 18. Qh5 $16 {Torre-Saidy/Malaga/1969})
14... Nxb4 15. Nd4 (15. e5 $2 dxe5 16. fxe5 Qxe5 17. Rxf6 (17. Bd4 Qh5 $19)
17... Nxd3 $19) 15... Nd7 16. Rf3 $6 (16. Qg3) 16... Nc5 17. f5 e5 18. Qh5 Nd7
19. Nde2 Nf6 20. Qh3 d5 $17 {Franco-Miles/Buenos Aires/1979/Inf29/279}) 14. f5
exf5 15. exf5 Ne5 16. Be2 $1 (16. Bh6 Rfe8 17. fxg6 hxg6 18. Rae1 Nfg4 $1 $36)
16... Nc4 17. Bg5 d5 (17... Nxb2 18. Rab1 Nc4 19. fxg6 fxg6 20. Qe6+ Kg7 21.
Bxc4 bxc4 22. Nd4 $44) 18. Kh1 Qb6 $132 {0-1 Hector,J-Hjartarson,J/Malmo (03) ;
CBM 48 1995 (40)}) (12. a4 b4 13. Ne2 Na5 (13... O-O 14. a5 Rae8 15. Ng3 Bd8
16. Qe2 Qc8 17. Bd2 Nd7 18. c3 Nc5 19. Nxc5 dxc5 20. e5 bxc3 21. bxc3 Nxa5 22.
f5 $2 (22. Rfb1 $10) 22... c4 $17 {Morozevich,A-Tosic,M Alushta 2 (01) 1994 1/
2 42}) 14. Nxa5 Qxa5 15. g4 Rc8 16. g5 Nd7 17. Ng3 O-O 18. f5 Ne5 19. Qf4 exf5
20. Nxf5 Rfe8 21. Bd4 Bf8 $15 {Morozevich,A-Tregubov,P Alushta 2 (07) 1994 0-1
33}) 12... O-O (12... b4 13. Na4 O-O 14. Nb6 Rab8 15. Qh3 g6 16. g4 Nd8 $132 {
1-0 Berndt,S-Filipowicz,A/Dortmund op (9) 1991 (37)}) 13. Qg3 (13. Qh3 Nb4 14.
Nd4 (14. a3 Nxd3 15. cxd3 Rac8 16. Rc1 Qd7 17. Na5 $2 Ba8 18. Bd4 Rfe8 19. b4
Bd8 20. Qg3 e5 $1 $17 {Espig-Hort/Polanica/1977}) 14... Rac8 15. Rf3 Nxd3 16.
cxd3 b4 17. Na4 Qa5 18. b3 Qh5 $10 {Moroz,A-Greenfeld,A/EUCup Vilnius (01) ;
EXP 50 1995/1/2-1/2 (56)}) 13... Rac8 14. a3 b4 15. Na4 $6 (15. axb4 Nxb4 $10)
15... Nd7 16. Qh3 Rfe8 17. e5 g6 18. exd6 Bxd6 19. Nac5 bxa3 20. bxa3 Nxc5 21.
Nxc5 Na5 22. Nxb7 Nxb7 (22... Qxb7 23. Rb1 Qe7 24. Bxa6 (24. Rb6 Nc4 $15) 24...
Rxc2 25. a4 $10) 23. Bxa6 Qc6 $1 (23... Bxa3 24. Rb1 Rb8 25. Rb3 Bd6 26. Rfb1
Nc5 27. Rxb8 Rxb8 28. Rxb8+ Qxb8 29. Bf1 $10) 24. Bd3 Nc5 25. Be2 Qa4 $15 26.
Rd1 Bf8 27. Bd4 Qxc2 28. Rde1 (28. Rfe1 Red8 29. Qe3 Nb3 30. Bd3 Qa2 $17) 28...
Red8 29. Bf6 Ne4 $1 30. Bxd8 Bc5+ 31. Kh1 Nf2+ 32. Rxf2 Bxf2 33. Bf6 Qxe2 34.
Ra1 (34. Rg1 h5 (34... Bxg1 $4 35. Qh6 $18) 35. Ra1 Qd2 36. g3 Rc2 $19) 34...
Qd2 35. g3 Rc2 (35... Rc2 36. Rf1 Bb6 37. g4 Qd5+ 38. Qf3 Rc1 39. Kg2 Rxf1 40.
Qxd5 Rg1+ $19) 0-1